| 000 | 00651nam a22001937a 4500 | ||
|---|---|---|---|
| 999 |
_c177682 _d177682 |
||
| 005 | 20210225130635.0 | ||
| 010 | _aENG-129060 | ||
| 020 |
_c699.00 _a978-1-7812-5919-1 |
||
| 035 | _aEN-112592 | ||
| 037 | _bDBAD/PUB | ||
| 082 | _a158 | ||
| 100 | _aGreene, Robert | ||
| 245 |
_aThe Laws of Human Nature/ _cRobert Greene |
||
| 260 |
_aGurugram _bHachette Book Publishing India Pvt. Ltd. _c2018 |
||
| 270 |
_bGurugram _a4th/5th Floors, Corporate Centre, Plot No- 94, Sec- 44 _e122003 |
||
| 300 |
_a609p. _c23cm(pbk) _bIncluding bibliographical references and index. |
||
| 500 | _aThe 48 Laws of Power | ||
| 942 |
_2ddc _cEN _h158 _mGRE |
||